The poems, sacred, passionate, and humorous, of Nathaniel Parker Willis.

Bibliographic Details
Main Author: Willis, Nathaniel Parker, 1806-1867
Format: Book
Language:English
Published: New York : Clark Austin & Smith, 1856.
Edition:Complete ed.

MARC

Tag First Indicator Second Indicator Subfields
LEADER 00000cam a2200000 4500
001 in00000027351
005 20151007061320.0
008 780512s1856 nyu 00010beng d
010 |a  12040376  
035 |a (OCoLC)03890775 
035 |9 AAD1760AM 
040 |a TLM  |c TLM  |d TXA  |d UtOrBLW 
049 |a TXAM  |c [128102] 
050 0 |a PS3324  |b .P6 1873 
092 |a 811  |b W735p 
100 1 |a Willis, Nathaniel Parker,  |d 1806-1867. 
245 1 4 |a The poems, sacred, passionate, and humorous, of Nathaniel Parker Willis. 
250 |a Complete ed. 
264 1 |a New York :  |b Clark Austin & Smith,  |c 1856. 
300 |a viii, 1 ., 352 pages ;  |c 17 cm. 
336 |a text  |b txt  |2 rdacontent 
337 |a unmediated  |b n  |2 rdamedia 
338 |a volume  |b nc  |2 rdacarrier 
500 |a "Revised and enlarged". 
999 |a MARS 
999 f f |s 24ea3e5e-71e5-3144-ba90-0bb18268502d  |i b4f53976-6603-36b2-9fb4-3a75fe18a277  |t 0 
952 f f |p ric  |a Texas A&M University  |b Rellis Campus  |c Joint Library Facility  |d Remote Storage  |t 0  |e PS3324 .P6 1873  |h Library of Congress classification  |i unmediated -- volume  |m A14801221787 
998 f f |a PS3324 .P6 1873  |t 0  |l Remote Storage